| 000 | 00379nam a22001697a 4500 | ||
|---|---|---|---|
| 003 | SGT | ||
| 020 | _a9789354663741 | ||
| 082 |
_a611 _bP22S |
||
| 100 | _aSHARMA,HINA | ||
| 245 | _aPRACTICAL MANUAL OF HISTOLOGY | ||
| 250 | _a2ND | ||
| 260 |
_aNEW DELHI _bCBS PUB. _c2022 |
||
| 300 | _a299 | ||
| 650 | _aHISTOLOGY | ||
| 653 | _aPRACTICAL, MANUAL , HISTOLOGY | ||
| 942 |
_2ddc _cBK |
||
| 999 |
_c29106 _d29106 |
||